Cyprus to New Zealand Island Nation Chain - Statistics

General Stats
  • This quiz has been taken 66,278 times
  • The average score is 20 of 30
Answer Stats
Clue Country % Correct
Has four parts, one of which is Wales United Kingdom
99%
World's northernmost island country Iceland
95%
Located just south of Sicily Malta
95%
Known as "The Emerald Isle" Ireland
87%
Lemurs live here Madagascar
86%
Until the 15th century you could walk between this island and India Sri Lanka
86%
China really wants this island Taiwan
85%
African nation uninhabited until discovered by the Portuguese in the 1400s Cape Verde
83%
World's most populous island nation Indonesia
80%
Easternmost island country in Asia Japan
79%
Portuguese-speaking country in the Gulf of Guinea São Tomé and Príncipe
78%
Tagalog is spoken here Philippines
74%
Richest African nation Seychelles
74%
Richest island nation Singapore
71%
Dodos don't live here any more Mauritius
70%
Oil rich country ruled by a sultan Brunei
69%
Maximum elevation: 5 meters Maldives
68%
Has four letters, two of which are "i" Fiji
67%
Only Arab country in the Southern Hemisphere Comoros
64%
Has land in all four hemispheres Kiribati
54%
World's most obese country Nauru
54%
Named for a character in the Old Testament Solomon Islands
51%
Apia is its capital Samoa
49%
Portuguese-speaking country that became independent in 2002 East Timor
48%
Has a bird-of-paradise on its flag Papua New Guinea
48%
Home to Bikini Atoll Marshall Islands
47%
Gained independence from the U.S. in 1994 Palau
46%
This monarchy was never colonized by a European power Tonga
44%
Has four states: Yap, Chuuk, Pohnpei, and Kosrae F. S. Micronesia
39%
Islanders established "cargo cults" during WWII Vanuatu
38%
No matching quizzes found
Score Distribution
Percent of People with Each Score
Percentile by Number Answered
Your Score History
You have not taken this quiz